Southville International School and Colleges
Your cart is empty.
  • Cart
  • Lists
    Public lists Eva Luna New books Lux_list list_1
    Your lists Log in to create your own lists
  • Log in to your account
  • Your cookies
  • Search history
Southville International School and Colleges
  • Advanced search
  • Recent comments
  • Most popular
  • Libraries

Log in to your account

Log in with GOOGLE


If you do not have an external account, but do have a local account, you can still log in:

  1. Home
  2. MARC view: The Lion and the mouse :
Normal view MARC view ISBD view

The Lion and the mouse : (Record no. 103330)

[ view plain ]
MARC details
000 -LEADER
fixed length control field 00606nam a2200193 a 4500
005 - DATE AND TIME OF LATEST TRANSACTION
control field 20140412111300.0
008 - FIXED-LENGTH DATA ELEMENTS--GENERAL INFORMATION
fixed length control field 000831s19uu xx 00 eng d
020 ## - INTERNATIONAL STANDARD BOOK NUMBER
International Standard Book Number 0-15-331237-8
050 ## - LIBRARY OF CONGRESS CALL NUMBER
Classification number BB
Item number Li727 1989
245 ## - TITLE STATEMENT
Title The Lion and the mouse :
Statement of responsibility, etc illustrated by Christa Kieffer.
Remainder of title an aesop's fable /
260 ## - PUBLICATION, DISTRIBUTION, ETC. (IMPRINT)
Place of publication, distribution, etc Orlando, Florida :
Name of publisher, distributor, etc Harcourt Brace Jovanovich, Inc,
Date of publication, distribution, etc 1989.
300 ## - PHYSICAL DESCRIPTION
Extent 8 p. ; ill.
440 ## - SERIES STATEMENT/ADDED ENTRY--TITLE
Title HBJ Reading Program
500 ## - GENERAL NOTE
General note Illustrated picture book
650 ## - SUBJECT ADDED ENTRY--TOPICAL TERM
Topical term or geographic name as entry element Lions stories-Fiction
650 ## - SUBJECT ADDED ENTRY--TOPICAL TERM
Topical term or geographic name as entry element Childrens stories
650 ## - SUBJECT ADDED ENTRY--TOPICAL TERM
Topical term or geographic name as entry element Mouse stories-Fiction
Holdings
Withdrawn status Lost status Damaged status Use restrictions Home library Current library Shelving location Date acquired Source of acquisition Total Checkouts Full call number Barcode Date last seen Price effective from Koha item type
        Elizalde Library Elizalde Library Big Books Section 08/31/2000     BB Li727 1989 E4508 04/12/2014 04/12/2014 Books

The Lion and the mouse :

APA

(1989). The Lion and the mouse. Orlando, Florida: Harcourt Brace Jovanovich, Inc.

Chicago

1989. The Lion and the mouse. Orlando, Florida: Harcourt Brace Jovanovich, Inc.

Harvard

(1989). The Lion and the mouse. Orlando, Florida: Harcourt Brace Jovanovich, Inc.

MLA

The Lion and the mouse. Orlando, Florida: Harcourt Brace Jovanovich, Inc. 1989.

  • Place hold
  • Print
  • Cite
  • Add to your cart (remove)
  • Save record
    BIBTEX Dublin Core MARCXML MARC (non-Unicode/MARC-8) MARC (Unicode/UTF-8) MARC (Unicode/UTF-8, Standard) MODS (XML) RIS
  • More searches
    Search for this title in:
    Other Libraries (WorldCat) Other Databases (Google Scholar) Online Stores (Bookfinder.com) Open Library (openlibrary.org)

Exporting to Dublin Core...

SOUTHVILLE LIBRARY

Southville International School and Colleges Library

1281 Tropical Ave. Cor. Luxembourg St., BF Homes International, Las Pinas City

Tel. No. 8256374 / 252358 Loc. 117/146

Powered by Koha